[Event "Madrid-ch Seniors 65"]
[Site "Madrid"]
[Date "2017.01.24"]
[Round "3"]
[White "Lopez Heras, Arturo"]
[Black "Poblador Dieguez, Alfredo"]
[Result "1/2-1/2"]
[WhiteElo "1837"]
[BlackElo "1576"]
[PlyCount "139"]
[EventDate "2017.01.20"]
[EventType "swiss"]
[EventRounds "7"]
[EventCountry "ESP"]
[SourceTitle "CBM 176 Extra"]
[Source "ChessBase"]
[SourceDate "2017.03.02"]
[SourceVersion "1"]
[SourceVersionDate "2017.03.02"]
[SourceQuality "1"]

1. d4 d5 2. c4 c6 3. Nf3 Nf6 4. Bg5 e6 5. Nc3 h6 6. Bh4 Nbd7 7. e3 Qa5 8. Bd3 dxc4 9. Bxc4 Bb4 10. 0-0 Bxc3 11. bxc3 Qxc3 12. Rc1 Qa5 13. Qd3 0-0 14. Bb3 b6 15. Rfe1 Ba6 16. Qb1 Rac8 17. e4 Bb7 18. e5 Nd5 19. Qe4 c5 20. Qg4 cxd4 21. Nxd4 Nxe5 22. Qg3 Ng6 23. Bc2 Nxh4 24. Qxh4 Qd2 25. Nf3 Qf4 26. Qh3 Nc3 27. Ra1 Ba6 28. Bb3 Bb7 29. Re3 Nd5 30. Ree1 Rc3 31. Rad1 Nf6 32. Rd4 Qf5 33. Qxf5 exf5 34. Nh4 Re8 35. Rxe8+ Nxe8 36. h3 Bc8 37. Rd8 Kf8 38. Nf3 Ke7 39. Rd4 Be6 40. Ba4 Rc4 41. Rxc4 Bxc4 42. Ne5 Bxa2 43. Nc6+ Kd6 44. Nxa7 Nc7 45. Nc8+ Kc5 46. Ne7 f4 47. Nf5 b5 48. Bd1 b4 49. Nxg7 b3 50. Nf5 h5 51. Ng7 h4 52. Nf5 b2 53. Bc2 b1Q+ 54. Bxb1 Bxb1 55. Nxh4 Kd4 56. Nf3+ Kd5 57. h4 Bg6 58. Kh2 Ne6 59. g4 fxg3+ 60. fxg3 Bh5 61. Ng1 Bg4 62. Nh3 Ke5 63. Nf2 Kf5 64. Nd3 Nd4 65. Kg2 Be2 66. Nf4 Bg4 67. Kf2 Ne6 68. Ng2 Ke4 69. Ne3 f5 70. Ng2 1/2-1/2

[Event "Madrid-ch"]
[Site "Madrid"]
[Date "2012.11.07"]
[Round "3"]
[White "Alvarez Escudero, Manuel"]
[Black "Poblador Dieguez, Alfredo"]
[Result "1/2-1/2"]
[WhiteElo "1803"]
[BlackElo "1680"]
[PlyCount "27"]
[EventDate "2012.11.05"]
[EventType "swiss"]
[EventRounds "9"]
[EventCountry "ESP"]
[SourceTitle "CBM 151 Extra"]
[Source "ChessBase"]
[SourceDate "2012.12.18"]
[SourceVersion "1"]
[SourceVersionDate "2012.12.18"]
[SourceQuality "1"]

1. e4 c5 2. Nf3 d6 3. b3 Nf6 4. Bb2 e5 5. Nc3 a6 6. Bc4 b5 7. Bd5 Nxd5 8. Nxd5 Bg4 9. c3 Nd7 10. d4 Be7 11. dxc5 Nxc5 12. Qe2 0-0 13. h3 Be6 14. 0-0 1/2-1/2

[Event "Madrid-ch Previa-A"]
[Site "Madrid"]
[Date "2008.11.10"]
[Round "4"]
[White "Perez Cameselle, Francisco Jose"]
[Black "Poblador Dieguez, Alfredo"]
[Result "1-0"]
[WhiteElo "2010"]
[BlackElo "1654"]
[PlyCount "73"]
[EventDate "2008.11.03"]
[EventType "swiss"]
[EventRounds "9"]
[EventCountry "ESP"]
[SourceTitle "CBM 127 Extra"]
[Source "ChessBase"]
[SourceDate "2009.01.08"]
[SourceVersion "2"]
[SourceVersionDate "2009.01.28"]
[SourceQuality "1"]

1. Nf3 d5 2. b3 e6 3. Bb2 Nf6 4. e3 a6 5. Be2 Be7 6. 0-0 0-0 7. c4 dxc4 8. bxc4 c5 9. Nc3 b6 10. Ne5 Bb7 11. Bf3 Qc7 12. Bxb7 Qxb7 13. Qe2 Nbd7 14. f4 Rad8 15. d3 h6 16. Rad1 Nxe5 17. fxe5 Nh7 18. Ne4 f5 19. exf6 Nxf6 20. Bxf6 Bxf6 21. Nxf6+ Rxf6 22. Rxf6 gxf6 23. Qg4+ Kf7 24. Qh5+ Kg7 25. Rf1 Qe7 26. Rf3 Kh7 27. Rh3 Qf8 28. Rg3 Qe8 29. Qg4 Qf7 30. Qf4 f5 31. e4 Qf6 32. Qc7+ Kh8 33. e5 Qf8 34. Qxb6 h5 35. Qxe6 Rb8 36. Rg5 Qe8 37. Qf6+ 1-0

[Event "Madrid-ch Previa-A"]
[Site "Madrid"]
[Date "2008.11.05"]
[Round "3"]
[White "Poblador Dieguez, Alfredo"]
[Black "Diaz Begonte, Manuel"]
[Result "1/2-1/2"]
[WhiteElo "1654"]
[BlackElo "1875"]
[PlyCount "95"]
[EventDate "2008.11.03"]
[EventType "swiss"]
[EventRounds "9"]
[EventCountry "ESP"]
[SourceTitle "CBM 127 Extra"]
[Source "ChessBase"]
[SourceDate "2009.01.08"]
[SourceVersion "2"]
[SourceVersionDate "2009.01.28"]
[SourceQuality "1"]

1. d4 d5 2. c4 c6 3. Nc3 dxc4 4. a4 Nf6 5. e3 e5 6. Bxc4 exd4 7. exd4 Be7 8. Nf3 0-0 9. Bg5 h6 10. Be3 Qc7 11. h3 Bf5 12. 0-0 Nbd7 13. Re1 Rfe8 14. Qb3 Be6 15. Bxe6 fxe6 16. Qxe6+ Kh8 17. Qf5 Ng8 18. Ne4 Rf8 19. Qg6 Ndf6 20. Ng3 Bb4 21. Bd2 Bxd2 22. Nxd2 Nd5 23. Nge4 Qf4 24. Qg3 Qxg3 25. Nxg3 Nb4 26. Re4 Nd3 27. Re3 Nb4 28. Rc1 Rad8 29. Nb3 b6 30. a5 bxa5 31. Nxa5 Rxd4 32. Nxc6 Nxc6 33. Rxc6 Rd1+ 34. Nf1 Rb1 35. Re2 Nf6 36. g3 Rb8 37. Ra6 Rb7 38. Rc2 Nd5 39. Rc8+ Kh7 40. Ra8 R7xb2 41. R8xa7 Re2 42. Kg2 Rbb2 43. Rf7 Re7 44. Rf8 Nf6 45. h4 Ree2 46. Raxf6 gxf6 47. Rxf6 Kg7 48. Rf4 1/2-1/2